UBT Library

Beginning and intermediate algebra / (Record no. 44745)

000 -LEADER
fixed length control field 00646cam a2200229 a 4500
001 - CONTROL NUMBER
control field 16845771
005 - DATE AND TIME OF LATEST TRANSACTION
control field 20180312082357.0
008 - FIXED-LENGTH DATA ELEMENTS--GENERAL INFORMATION
fixed length control field 110627s2013 njuab 000 0 eng
010 ## - LIBRARY OF CONGRESS CONTROL NUMBER
LC control number 2011023932
020 ## - INTERNATIONAL STANDARD BOOK NUMBER
International Standard Book Number 9780321780539
040 ## - CATALOGING SOURCE
Original cataloging agency DLC
Transcribing agency DLC
Modifying agency DLC
041 ## - LANGUAGE CODE
Language code of text/sound track or separate title eng
042 ## - AUTHENTICATION CODE
Authentication code pcc
080 ## - UNIVERSAL DECIMAL CLASSIFICATION NUMBER
Universal Decimal Classification number 512.9 SHE
082 00 - DEWEY DECIMAL CLASSIFICATION NUMBER
Classification number 512.9 SHE
Edition number 23
100 ## - Rafti
Rafti 36
101 ## - Shkurtesa
Shkurtesa MAT
245 00 - TITLE STATEMENT
Title Beginning and intermediate algebra /
Statement of responsibility, etc John Tobey ... [et al.].
906 ## - LOCAL DATA ELEMENT F, LDF (RLIN)
a 7
b cbc
c orignew
d 1
e ecip
f 20
g y-gencatlg
942 ## - ADDED ENTRY ELEMENTS (KOHA)
Source of classification or shelving scheme
Item type Books
Holdings
Withdrawn status Lost status Source of classification or shelving scheme Damaged status Not for loan Collection code Permanent location Current location Shelving location Date acquired Total Checkouts Full call number Barcode Date last seen Price effective from Koha item type
          Koleksioni i përgjithshem UBT - Lipjan UBT - Lipjan Koleksioni i përgjithshem 03/12/2018   512.9 SHE 002-3001405 03/12/2018 03/12/2018 Books
UBT Library © 2015-2024. All rights reserved University Education for Business and Technology